Foundations of business communication: an integrative approach. / (Record no. 1330)
[ view plain ]
| 000 -LEADER | |
|---|---|
| fixed length control field | 00890nam a22001697a 4500 |
| 008 - FIXED-LENGTH DATA ELEMENTS--GENERAL INFORMATION | |
| fixed length control field | 120614t xxu||||| |||| 00| 0 eng d |
| 020 ## - INTERNATIONAL STANDARD BOOK NUMBER | |
| International Standard Book Number | 0072979542 |
| 050 ## - LIBRARY OF CONGRESS CALL NUMBER | |
| Classification number | HF5718.Y68 |
| 100 ## - MAIN ENTRY--PERSONAL NAME | |
| Personal name | Young, Dona J. |
| 245 ## - TITLE STATEMENT | |
| Title | Foundations of business communication: an integrative approach. / |
| Statement of responsibility, etc. | Dona J. Young |
| 260 ## - PUBLICATION, DISTRIBUTION, ETC. | |
| Place of publication, distribution, etc. | Boston: |
| Name of publisher, distributor, etc. | McGraw Hill, |
| Date of publication, distribution, etc. | c2006. |
| 300 ## - PHYSICAL DESCRIPTION | |
| Extent | xxix, 538 p.: |
| Other physical details | ill.; |
| Dimensions | 28cm. |
| 500 ## - GENERAL NOTE | |
| General note | Includes index. |
| 505 ## - FORMATTED CONTENTS NOTE | |
| Formatted contents note | Contents: Writing skills -- Communication and the writing process -- What is good business writing? -- Developing and revising short business messages -- Professional communication -- Office communications -- Persuasive communication -- Verbal communication skills -- Global communication and technology -- Applications and careers -- Team communications -- Getting a job -- Communicating on the job. |
| 650 ## - SUBJECT ADDED ENTRY--TOPICAL TERM | |
| Topical term following geographic name entry element | Business communication |
| 942 ## - ADDED ENTRY ELEMENTS (KOHA) | |
| Source of classification or shelving scheme | Library of Congress Classification |
| Koha item type | Books |
| Withdrawn status | Lost status | Source of classification or shelving scheme | Damaged status | Not for loan | Home library | Current library | Shelving location | Date acquired | Total Checkouts | Full call number | Barcode | Date last seen | Copy number | Price effective from | Koha item type |
|---|---|---|---|---|---|---|---|---|---|---|---|---|---|---|---|
| Library of Congress Classification | WISCONSIN INTERNATIONAL UNIVERSITY COLLEGE, GHANA - MAIN LIBRARY | WISCONSIN INTERNATIONAL UNIVERSITY COLLEGE, GHANA - MAIN LIBRARY | General Stacks | 14/06/2012 | HF5718.Y68 | 3687/12 | 14/06/2012 | 1 | 14/06/2012 | Books | |||||
| Library of Congress Classification | WISCONSIN INTERNATIONAL UNIVERSITY COLLEGE, GHANA - MAIN LIBRARY | WISCONSIN INTERNATIONAL UNIVERSITY COLLEGE, GHANA - MAIN LIBRARY | General Stacks | 14/06/2012 | HF5718.Y681 | 3688/12 | 14/06/2012 | 2 | 14/06/2012 | Books | |||||
| Library of Congress Classification | WISCONSIN INTERNATIONAL UNIVERSITY COLLEGE, GHANA - MAIN LIBRARY | WISCONSIN INTERNATIONAL UNIVERSITY COLLEGE, GHANA - MAIN LIBRARY | General Stacks | 14/06/2012 | HF5718.Y682 | 3689/12 | 14/06/2012 | 3 | 14/06/2012 | Books |
